Com es diu en català? - Statistics

General Stats
  • This quiz has been taken 9 times
  • The average score is 11 of 17
Answer Stats
Valencià Català central % Correct
Aixina Així
100%
Chiquet/Xiquet Nen
100%
Eixida Sortida
100%
Vesprada Tarda
100%
Hui Avui
88%
Dacsa/Panís Blat de moro
75%
Espill Mirall
75%
Creïlla Patata
75%
Déneu Dinou
63%
Granera Escombra
63%
Llaurador Pagès
63%
Oratge Temps atmosfèric
50%
En Amb
38%
Bresquilla Prèssec
38%
Poal Galleda
13%
Fraula Maduixa
13%
Enjorn D'hora
0%
No matching quizzes found
Score Distribution
Percent of People with Each Score
Percentile by Number Answered
Your Score History
You have not taken this quiz